书目信息 |
| 题名: |
树木与森林
|
|
| 作者: | 田宏杰 著 | |
| 分册: | ||
| 出版信息: | 北京 北京师范大学出版社 2015 |
|
| 页数: | 139页 | |
| 开本: | 23cm | |
| 丛书名: | ||
| 单 册: | ||
| 中图分类: | B842.1 | |
| 科图分类: | ||
| 主题词: | 认知心理学--ren zhi xin li xue--研究 | |
| 电子资源: | ||
| ISBN: | 978-7-303-16786-9 | |
| 000 | 01091nam0 22002411 450 | |
| 001 | 1754465106 | |
| 005 | 20170516112211.0 | |
| 010 | @a978-7-303-16786-9@dCNY30.00 | |
| 100 | @a20160217d2015 em y0chiy50 ea | |
| 101 | 0 | @achi |
| 102 | @aCN@b110000 | |
| 105 | @aa z 000yy | |
| 106 | @ar | |
| 200 | 1 | @a树木与森林@9shu mu yu sen lin@e物体视觉记忆的背景效应研究@f田宏杰著 |
| 210 | @a北京@c北京师范大学出版社@d2015 | |
| 215 | @a139页@c图@d23cm | |
| 330 | @a本书以九个心理学实验为支撑,对物体视觉记忆的背景效应进行了探讨。首先,对国内外的相关研究和理论进行了深入分析,探讨了场景知觉加工中的物体与背景的关系、物体视觉记忆的基本机制与理论;然后,通过实验探讨物体视觉记忆的保持与背景效应、背景效应中物体与位置的绑定作用以及这种作用的结构参照机制;最后,对物体视觉记忆研究领域的现有研究进行了分析和未来展望。 | |
| 517 | 1 | @a物体视觉记忆的背景效应研究@9wu ti shi jue ji yi de bei jing xiao ying yan jiu |
| 606 | 0 | @a认知心理学@9ren zhi xin li xue@x研究 |
| 690 | @aB842.1@v5 | |
| 701 | 0 | @a田宏杰@9tian hong jie@4著 |
| 801 | 0 | @aCN@b百万庄@c20170512 |
| 905 | @b1004982-7@dB842.1@e1706@f6 | |
| 树木与森林:物体视觉记忆的背景效应研究/田宏杰著.-北京:北京师范大学出版社,2015 |
| 139页:图;23cm |
| ISBN 978-7-303-16786-9:CNY30.00 |
| 本书以九个心理学实验为支撑,对物体视觉记忆的背景效应进行了探讨。首先,对国内外的相关研究和理论进行了深入分析,探讨了场景知觉加工中的物体与背景的关系、物体视觉记忆的基本机制与理论;然后,通过实验探讨物体视觉记忆的保持与背景效应、背景效应中物体与位置的绑定作用以及这种作用的结构参照机制;最后,对物体视觉记忆研究领域的现有研究进行了分析和未来展望。 |
| ● |
| 相关链接 |
|
|
|
|
正题名:树木与森林
索取号:B842.1/1706
 
预约/预借
| 序号 | 登录号 | 条形码 | 馆藏地/架位号 | 状态 | 备注 |
| 1 | 1004982 | 210049829 | 第一样本阅览室/ [索取号:B842.1/1706] | 在馆 | |
| 2 | 1004983 | 210049838 | 教育系资料室/ [索取号:B842.1/1706] | 在馆 | |
| 3 | 1004984 | 210049847 | 教育系资料室/ [索取号:B842.1/1706] | 在馆 | |
| 4 | 1004985 | 210049856 | 教育系资料室/ [索取号:B842.1/1706] | 在馆 | |
| 5 | 1004986 | 210049865 | 第一借阅区/ [索取号:B842.1/1706] | 在馆 | |
| 6 | 1004987 | 210049874 | 第一借阅区/ [索取号:B842.1/1706] | 在馆 |